000 00660nam a2200217Ia 4500
001 12855
003 GE_BSU
008 181216s||||||||xx |||||||||||||| ||und||
040 _cGE_BSU
080 _a634.1
100 _aЛобанов,Г.А.
245 _aКак выводить сорта плодовых и ягодных растении
245 _cПод.ред.П.Н.Яковлева
260 _aМосква
260 _bСельхозгиз
260 _c1949
300 _a126стр. илл.20см.
300 _eфото
653 _aКак выводить сорта плодовых и ягодных растении
942 _cBK
999 _c46025
_d46025